00415nam a2200121 a 4500001000400000003000500004005001700009008004100026040002600067110002600093245010500119260006900224785CDMR20130116135158.0130130s2003||||||||||||||||||||||||||||d aCDMRbcatcCPC GIRONA2 aGrup d'Exseminaristes10aDominus VobiscumbHistòria i vida del Seminari de Girona (del 1563 al 2003)cGrup d'exseminaristes c2003bJJ Comuincació i Grup d'Exalumnes del Seminari de Girona